|
|
|
|
| LEADER |
00000nam0a2200000 4500 |
| 001 |
69425 |
| 005 |
20231101212439.0 |
| 010 |
|
|
|a 5863750588
|
| 035 |
|
|
|a (RuTPU)RU\TPU\book\73923
|
| 090 |
|
|
|a 69425
|
| 100 |
|
|
|a 20041025d2004 km y0rusy50 ca
|
| 101 |
0 |
|
|a rus
|
| 102 |
|
|
|a RU
|
| 105 |
|
|
|a a z 000zy
|
| 200 |
1 |
|
|a Управленческая культура организаций
|f сост. Л. М. Кроль; Е. А. Пуртова
|
| 210 |
|
|
|a Москва
|c Класс
|d 2004
|
| 215 |
|
|
|a 396 с.
|c ил.
|
| 225 |
1 |
|
|a Библиотека приключений тренинга и консалтинга
|
| 606 |
|
|
|a Организационная культура
|2 stltpush
|3 (RuTPU)RU\TPU\subj\67551
|9 83308
|
| 610 |
1 |
|
|a экономика
|
| 610 |
1 |
|
|a управление
|
| 610 |
1 |
|
|a организации
|
| 610 |
1 |
|
|a управленческая культура
|
| 610 |
1 |
|
|a системные модели
|
| 610 |
1 |
|
|a консультирование
|
| 610 |
1 |
|
|a корпоративная культура
|
| 610 |
1 |
|
|a коучинг
|
| 610 |
1 |
|
|a консалтинг
|
| 686 |
|
|
|a У9(2)240
|v LBC/SL-A
|2 rubbk
|
| 702 |
|
1 |
|a Кроль
|b Л. М.
|g Леонид Маркович
|4 220
|
| 702 |
|
1 |
|a Пуртова
|b Е. А.
|4 220
|
| 801 |
|
1 |
|a RU
|b 63413507
|c 20041025
|g PSBO
|
| 801 |
|
2 |
|a RU
|b 63413507
|c 20180614
|g PSBO
|
| 900 |
|
|
|a Корпоративная культура организации
|
| 942 |
|
|
|c BK
|